000 01055nam a2200337 i 4500
003 EG-ScBUE
005 20230524105504.0
008 200219t2004 njua f 001 0 eng d
020 _a9780764568527
020 _a0764568523
040 _aEG-ScBUE
_beng
_erda
_cEG-ScBUE
_dEG-ScBUE
082 0 4 _a005.133
_222
_bDAV
100 1 _aDavis, Stephen R.,
_d1956-
_eauthor.
245 1 0 _aC++ for dummies /
_cby Stephen Randy Davis.
250 _aFifth edition.
264 1 _aHoboken, NJ :
_bWiley Publishing, Inc.,
_c[2004]
264 4 _cc2004
300 _axiv, 418 pages :
_billustrations ;
_c24 cm +
_e1 CD
336 _atext
_2rdacontent
_btxt
336 _ardacontent
_2sounds
_bsnd
337 _aunmediated
_2rdamedia
_bn
337 _ardamedia
_2audio
_bs
338 _avolume
_2rdacarrier
_bnc
338 _acomputer disc
_2rdacarrier
_bcd
500 _aPrevious ed.: New York: Hungry Minds, 2000.
500 _aIncludes index.
650 7 _aC++ (Computer program language)
_2BUEsh
653 _bCOMSCI
655 _vReading book
942 _2ddc
_cBB
999 _c30445
_d30416